Movies Quiz

Random Movies or Actress Quiz

Two Word Movies: Julia Roberts Quiz Stats

 Plays Quiz Updated Aug 28, 2012

Challenge
Share
Tweet
Embed
Score 0/21 Timer 04:00
1 Play Today
Year Movie % Correct
1990Pretty Woman
94.5%
2000Erin Brockovich
66%
2001Ocean's Eleven
60.8%
2004Ocean's Twelve
59.2%
1999Runaway Bride
56.8%
1988Mystic Pizza
53.9%
1999Notting Hill
42.8%
1989Steel Magnolias
36.8%
2012Mirror Mirror
20.7%
2011Larry Crowne
19%
2001The Mexican
18.2%
Year Movie % Correct
2010Valentine's Day
16.2%
1997Conspiracy Theory
16.2%
2001America's Sweethearts
15.7%
1996Mary Reilly
15.6%
1991Dying Young
11.8%
2006Charlotte's Web
9.1%
1996Michael Collins
7.6%
2002Full Frontal
7.4%
1989Blood Red
5.5%
2002Grand Champion
5.2%

You're not logged in!

Compare scores with friends on all Sporcle quizzes.
OR
Log In

You Might Also Like...

Show Comments

Extras

Top Quizzes Today


Score Distribution

Your Account Isn't Verified!

In order to create a playlist on Sporcle, you need to verify the email address you used during registration. Go to your Sporcle Settings to finish the process.

Report this User

Report this user for behavior that violates our Community Guidelines.

Details: